[Event "Steyr Landesliga 1920"]
[Site "Austria"]
[Date "2020.02.08"]
[Round "8.4"]
[White "Nuster, Erwin"]
[Black "Rattinger, Friedrich"]
[Result "1-0"]
[WhiteElo "2125"]
[BlackElo "2037"]
[PlyCount "81"]
[EventDate "2019.09.28"]
[EventType "team-tourn"]
[EventRounds "11"]
[EventCountry "AUT"]
[SourceTitle "CBM 195 Extra"]
[Source "ChessBase"]
[SourceDate "2020.05.31"]
[SourceVersion "1"]
[SourceVersionDate "2020.05.31"]
[SourceQuality "1"]
[WhiteTeam "Feldbach Kirchberg"]
[BlackTeam "Krieglach Windheimat"]
[WhiteTeamCountry "AUT"]
[BlackTeamCountry "AUT"]

1. c4 c5 2. g3 g6 3. Bg2 Bg7 4. Nc3 Nc6 5. Nf3 e5 6. a3 a5 7. 0-0 Nge7 8. Ne1 d6 9. Nc2 0-0 10. Ne3 b6 11. Rb1 Rb8 12. d3 Be6 13. Ned5 Qd7 14. Nxe7+ Nxe7 15. b4 axb4 16. axb4 Bh3 17. Bxh3 Qxh3 18. bxc5 bxc5 19. Rxb8 Rxb8 20. Qa4 Qc8 21. Nb5 Ra8 22. Qb3 Qb8 23. Ba3 Nc6 24. e3 Na7 25. Rb1 Nxb5 26. cxb5 Qb6 27. Bb2 Bf6 28. Bc3 Kg7 29. Kg2 h5 30. h4 Ra7 31. Qb2 Qb7+ 32. e4 Qb6 33. f4 Re7 34. Ra1 Rb7 35. fxe5 Bxe5 36. Bxe5+ dxe5 37. Ra8 Qc7 38. Re8 Kf6 39. Ra8 Qd7 40. Ra6+ Kg7 41. Qxe5+ 1-0

[Event "Steyr Landesliga 1920"]
[Site "Austria"]
[Date "2020.01.25"]
[Round "7.4"]
[White "Dobay, Klaus"]
[Black "Nuster, Erwin"]
[Result "1/2-1/2"]
[WhiteElo "2049"]
[BlackElo "2125"]
[PlyCount "113"]
[EventDate "2019.09.28"]
[EventType "team-tourn"]
[EventRounds "11"]
[EventCountry "AUT"]
[SourceTitle "CBM 195 Extra"]
[Source "ChessBase"]
[SourceDate "2020.05.31"]
[SourceVersion "1"]
[SourceVersionDate "2020.05.31"]
[SourceQuality "1"]
[WhiteTeam "Gratwein Strassengel"]
[BlackTeam "Feldbach Kirchberg"]
[WhiteTeamCountry "AUT"]
[BlackTeamCountry "AUT"]

1. e4 c5 2. Nf3 Nc6 3. d3 g6 4. g3 Bg7 5. Bg2 d6 6. 0-0 e5 7. Nc3 Nge7 8. Bg5 h6 9. Be3 Be6 10. Nd2 Nd4 11. Ne2 d5 12. Bxd4 cxd4 13. f4 dxe4 14. dxe4 Qb6 15. Kh1 h5 16. Nf3 exf4 17. Nxf4 Bg4 18. Qd3 Bxf3 19. Qxf3 0-0 20. Nd3 Rac8 21. Rf2 Bh6 22. Raf1 Be3 23. Re2 f5 24. e5 Rc7 25. Rfe1 Rfc8 26. c3 a5 27. cxd4 Bxd4 28. h4 Qb5 29. Nf4 Rc1 30. Rxc1 Rxc1+ 31. Kh2 Rc5 32. Qxb7 Qxb7 33. Bxb7 Rb5 34. Ba6 Rxb2 35. Rxb2 Bxb2 36. Nd3 Bd4 37. Bc4+ Kg7 38. Bb5 Nd5 39. Bc4 Ne3 40. Bb3 Ng4+ 41. Kg2 Bxe5 42. Kf3 Bd4 43. Ba4 Kf6 44. Be8 Be3 45. Ba4 Bd4 46. Nf4 Ne5+ 47. Kg2 Bb2 48. Kf2 Bc1 49. Ne2 Bd2 50. Bb5 g5 51. hxg5+ Kxg5 52. Nd4 Bc3 53. Nf3+ Kg4 54. Nxe5+ Bxe5 55. Be2+ Kh3 56. Bxh5 Bxg3+ 57. Kf3 1/2-1/2

[Event "Steyr Landesliga 1718"]
[Site "Austria"]
[Date "2017.12.02"]
[Round "6.5"]
[White "Zivanovic, Ivan"]
[Black "Nuster, Erwin"]
[Result "1/2-1/2"]
[WhiteElo "2292"]
[BlackElo "2126"]
[PlyCount "133"]
[EventDate "2017.09.30"]
[EventType "team-tourn"]
[EventRounds "11"]
[EventCountry "AUT"]
[SourceTitle "EXT 2019"]
[Source "ChessBase"]
[SourceDate "2018.10.10"]
[SourceVersion "1"]
[SourceVersionDate "2018.10.10"]
[SourceQuality "1"]
[WhiteTeam "Frauental Strassenbahn"]
[BlackTeam "Feldbach Kirchberg"]
[WhiteTeamCountry "AUT"]
[BlackTeamCountry "AUT"]

1. Nf3 Nf6 2. g3 b6 3. Bg2 Bb7 4. 0-0 g6 5. d3 Bg7 6. e4 d6 7. Nc3 0-0 8. Re1 Nbd7 9. Bg5 h6 10. Bd2 e6 11. Qe2 Ne5 12. Rad1 c5 13. Bc1 Nxf3+ 14. Qxf3 e5 15. Qe2 Bc8 16. f4 Bg4 17. Bf3 Qd7 18. Bxg4 Qxg4 19. Qxg4 Nxg4 20. Nd5 exf4 21. Bxf4 Ne5 22. Kg2 Rae8 23. c3 g5 24. Bxe5 Rxe5 25. Ne3 Rfe8 26. Rf1 b5 27. Rf2 c4 28. dxc4 Rxe4 29. Nf5 Rxc4 30. Nxd6 Rd8 31. Rfd2 Rc5 32. Nb7 Rxd2+ 33. Rxd2 Rc7 34. Rd8+ Kh7 35. Nd6 b4 36. cxb4 Rc2+ 37. Kf3 Rxb2 38. h4 gxh4 39. gxh4 Rxb4 40. Rd7 Rd4 41. h5 a5 42. Rd8 Be5 43. Nb7 Rxd8 44. Nxd8 Kg7 45. Nc6 Bc3 46. Ne7 Bd2 47. Nd5 f5 48. a4 Kf7 49. Nb6 Ke6 50. Nc4 Bb4 51. Kf4 Bc3 52. Nb6 Be5+ 53. Kf3 Bc7 54. Nc4 Kf6 55. Ne3 Kg5 56. Nd5 Bd6 57. Ne3 f4 58. Ng2 Kxh5 59. Nxf4+ Kg5 60. Ne6+ Kf6 61. Nd4 h5 62. Nc6 Bc7 63. Kg2 Kg5 64. Kh3 Bb6 65. Kg3 h4+ 66. Kh3 Bc7 67. Nxa5 1/2-1/2

[Event "Steyr Landesliga 1617"]
[Site "Austria"]
[Date "2017.04.01"]
[Round "9.4"]
[White "Nuster, Erwin"]
[Black "Khalakhan, Jurij"]
[Result "1/2-1/2"]
[WhiteElo "2156"]
[BlackElo "2144"]
[PlyCount "142"]
[EventDate "2016.10.01"]
[EventType "team-tourn"]
[EventRounds "11"]
[EventCountry "AUT"]
[SourceTitle "EXT 2018"]
[Source "ChessBase"]
[SourceDate "2017.10.13"]
[SourceVersion "1"]
[SourceVersionDate "2017.10.13"]
[SourceQuality "1"]
[WhiteTeam "Feldbach Kirchberg"]
[BlackTeam "Schachfreunde"]
[WhiteTeamCountry "AUT"]
[BlackTeamCountry "AUT"]

1. Nf3 Nf6 2. c4 g6 3. Nc3 Bg7 4. g3 0-0 5. Bg2 d6 6. 0-0 Nbd7 7. d3 c6 8. Nd2 e5 9. Rb1 a5 10. a3 Ng4 11. h3 Nh6 12. b4 axb4 13. axb4 f5 14. Bb2 Nf6 15. Ra1 Rxa1 16. Qxa1 g5 17. e3 g4 18. h4 Nh5 19. Ne2 Nf7 20. f4 gxf3 21. Rxf3 Nh6 22. Nf1 Ng4 23. Bc3 Be6 24. Nh2 Nhf6 25. Bh3 h5 26. Bxg4 hxg4 27. Rf2 Bh6 28. Nf1 Nh5 29. Qa7 f4 30. exf4 exf4 31. gxf4 b6 32. Qb7 Qd7 33. Qxb6 Bf5 34. Qd4 Bg7 35. Qe3 Re8 36. Qd2 Qa7 37. Bxg7 Nxg7 38. d4 d5 39. cxd5 cxd5 40. Nc3 Be4 41. f5 Bf3 42. Nh2 Nxf5 43. Nxf3 gxf3 44. Qg5+ Qg7 45. Nxd5 Re1+ 46. Rf1 Qxg5+ 47. hxg5 Rxf1+ 48. Kxf1 Nxd4 49. Kf2 Kg7 50. Nf4 Kf7 51. Kg3 Kg7 52. Nd3 Kg6 53. Kg4 Kg7 54. Nf2 Kg6 55. Ne4 Kg7 56. Kh5 Nb5 57. Nf2 Nd4 58. Nh3 Nb5 59. Kg4 Nd4 60. Kf4 Kg6 61. Ke4 Nc6 62. b5 Na7 63. b6 Nc8 64. b7 Nd6+ 65. Kxf3 Nxb7 66. Kg4 Nd6 67. Nf4+ Kg7 68. Kh5 Ne4 69. Ne6+ Kf7 70. Nd8+ Ke8 71. g6 Kxd8 1/2-1/2

[Event "Steyr Landesliga 1617"]
[Site "Austria"]
[Date "2017.02.04"]
[Round "7.6"]
[White "Nuster, Erwin"]
[Black "Voelkl, Georg"]
[Result "1-0"]
[WhiteElo "2156"]
[BlackElo "1797"]
[PlyCount "49"]
[EventDate "2016.10.01"]
[EventType "team-tourn"]
[EventRounds "11"]
[EventCountry "AUT"]
[SourceTitle "EXT 2018"]
[Source "ChessBase"]
[SourceDate "2017.10.13"]
[SourceVersion "1"]
[SourceVersionDate "2017.10.13"]
[SourceQuality "1"]
[WhiteTeam "Feldbach Kirchberg"]
[BlackTeam "Trofaiach Niklasdorf"]
[WhiteTeamCountry "AUT"]
[BlackTeamCountry "AUT"]

1. c4 Nf6 2. Nc3 g6 3. e4 d6 4. d4 Bg7 5. Be2 0-0 6. Bg5 h6 7. Be3 e5 8. dxe5 dxe5 9. Nf3 c6 10. Qc1 g5 11. h3 Qe7 12. Nh2 a5 13. Nf1 Nh7 14. g4 Na6 15. Ng3 Nc5 16. Nf5 Bxf5 17. gxf5 f6 18. Qc2 Rfd8 19. 0-0 Rd7 20. Bxc5 Qxc5 21. Na4 Qb4 22. Rfd1 Rd4 23. Rxd4 exd4 24. c5 Rd8 25. Bd3 1-0

[Event "Steyr Landesliga 1516"]
[Site "Austria"]
[Date "2015.11.07"]
[Round "4.7"]
[White "Nuster, Erwin"]
[Black "Polansek, Justin"]
[Result "1-0"]
[WhiteElo "2145"]
[BlackElo "2037"]
[PlyCount "79"]
[EventDate "2015.09.26"]
[EventType "team-tourn"]
[EventRounds "11"]
[EventCountry "AUT"]
[SourceTitle "CBM 170 Extra"]
[Source "ChessBase"]
[SourceDate "2016.02.25"]
[SourceVersion "1"]
[SourceVersionDate "2016.02.25"]
[SourceQuality "1"]
[WhiteTeam "Feldbach Kirchberg"]
[BlackTeam "Leibnitz Software"]
[WhiteTeamCountry "AUT"]
[BlackTeamCountry "AUT"]

1. c4 g6 2. Nc3 Bg7 3. e4 d6 4. d4 Nc6 5. d5 Nd4 6. Be3 c5 7. Nge2 Nxe2 8. Bxe2 Nf6 9. 0-0 0-0 10. f4 Nd7 11. Qc2 a6 12. a4 a5 13. Nb5 Nb8 14. Rad1 Na6 15. Bf3 Nb4 16. Qe2 b6 17. Bf2 Bd7 18. e5 Bxb5 19. axb5 Qc7 20. Rfe1 Ra7 21. Ra1 f6 22. exd6 Qxd6 23. Qd2 Rd7 24. f5 gxf5 25. Qc3 f4 26. Re6 Qc7 27. Rae1 f5 28. Qd2 Rf6 29. Qe2 Rf8 30. Kh1 Bf6 31. g3 fxg3 32. Bxg3 f4 33. Bf2 Kh8 34. Be4 f3 35. Qxf3 Rf7 36. Qh5 Kg8 37. Bxh7+ Kf8 38. Rg1 Bg7 39. Bg3 Qb7 40. Be5 1-0

[Event "Steyr Landesliga 1415"]
[Site "Austria"]
[Date "2014.10.11"]
[Round "2.3"]
[White "Wallner, Joachim"]
[Black "Nuster, Erwin"]
[Result "1-0"]
[WhiteElo "2326"]
[BlackElo "2163"]
[PlyCount "134"]
[EventDate "2014.09.27"]
[EventType "team-tourn"]
[EventRounds "11"]
[EventCountry "AUT"]
[SourceTitle "EXT 2016"]
[Source "ChessBase"]
[SourceDate "2015.10.08"]
[SourceVersion "1"]
[SourceVersionDate "2015.10.08"]
[SourceQuality "1"]
[WhiteTeam "Pinggau Friedberg"]
[BlackTeam "Feldbach Kirchberg"]
[WhiteTeamCountry "AUT"]
[BlackTeamCountry "AUT"]

1. e4 d6 2. d4 Nf6 3. Nc3 e5 4. Nf3 Nbd7 5. Bc4 Be7 6. 0-0 0-0 7. Re1 c6 8. a4 Qc7 9. h3 h6 10. b3 Re8 11. Bb2 Nf8 12. Qd2 Ng6 13. Rad1 Nh7 14. Ne2 Ng5 15. Nxg5 Bxg5 16. Qc3 Kh7 17. dxe5 dxe5 18. Ba3 Be6 19. Bd6 Qc8 20. Ng3 Bxc4 21. Qxc4 Re6 22. Nf5 b5 23. axb5 cxb5 24. Qxb5 a6 25. Qb4 Ra7 26. c4 Nf4 27. h4 Bf6 28. g3 Nh5 29. Qd2 Rb7 30. b4 Qxc4 31. Qd5 Qc8 32. Bc5 Qb8 33. Ra1 g6 34. Nd6 Rd7 35. Rxa6 Be7 36. Rd1 Nf6 37. Qc6 Bxd6 38. Rxd6 Rdxd6 39. Bxd6 Qd8 40. Qb7 Rxd6 41. Qxf7+ Kh8 42. Ra7 Rd7 43. Rxd7 Nxd7 44. Qxg6 Qf6 45. Qe8+ Nf8 46. b5 Kg8 47. Qb8 Kf7 48. b6 Nd7 49. Qc7 Ke8 50. b7 Qd8 51. Qc6 Qb8 52. h5 Ke7 53. Kg2 Qd6 54. Qxd6+ Kxd6 55. Kh3 Ke7 56. Kg4 Nb8 57. f4 Nd7 58. Kf3 Kd6 59. g4 Kc7 60. g5 Kxb7 61. gxh6 Nf8 62. fxe5 Kc7 63. Kf4 Kd7 64. Kf5 Ke7 65. e6 Nh7 66. Kg6 Nf8+ 67. Kg7 Nxe6+ 1-0

[Event "Steyr Landesliga 1415"]
[Site "Austria"]
[Date "2014.09.27"]
[Round "1.2"]
[White "Fahrner, Kurt"]
[Black "Nuster, Erwin"]
[Result "1/2-1/2"]
[WhiteElo "2306"]
[BlackElo "2163"]
[PlyCount "36"]
[EventDate "2014.09.27"]
[EventType "team-tourn"]
[EventRounds "11"]
[EventCountry "AUT"]
[SourceTitle "EXT 2016"]
[Source "ChessBase"]
[SourceDate "2015.10.08"]
[SourceVersion "1"]
[SourceVersionDate "2015.10.08"]
[SourceQuality "1"]
[WhiteTeam "Graz Austria"]
[BlackTeam "Feldbach Kirchberg"]
[WhiteTeamCountry "AUT"]
[BlackTeamCountry "AUT"]

1. g3 e5 2. Bg2 Nc6 3. a3 a5 4. b3 Nf6 5. Bb2 Bc5 6. e3 d6 7. Ne2 Bb6 8. d3 h5 9. h3 Ne7 10. Nd2 c6 11. b4 axb4 12. axb4 Rxa1 13. Qxa1 Ned5 14. Qa4 Bd7 15. Qb3 Ne7 16. Nf3 Ng6 17. Ng5 0-0 18. 0-0 h4 1/2-1/2

[Event "Steyr Landesliga 1314"]
[Site "Austria"]
[Date "2014.03.01"]
[Round "8.6"]
[White "Nuster, Erwin"]
[Black "Sachsenhofer, Michael"]
[Result "1/2-1/2"]
[WhiteElo "2164"]
[BlackElo "2153"]
[PlyCount "77"]
[EventDate "2013.09.28"]
[EventType "team-tourn"]
[EventRounds "11"]
[EventCountry "AUT"]
[SourceTitle "EXT 2015"]
[Source "ChessBase"]
[SourceDate "2014.11.20"]
[SourceVersion "1"]
[SourceVersionDate "2014.11.20"]
[SourceQuality "1"]
[WhiteTeam "Feldbach Kirchberg"]
[BlackTeam "Leoben"]
[WhiteTeamCountry "AUT"]
[BlackTeamCountry "AUT"]

1. c4 e5 2. g3 Nc6 3. Nc3 g6 4. Bg2 Bg7 5. d3 d6 6. e4 Be6 7. Nge2 Nge7 8. Nd5 0-0 9. 0-0 f5 10. Be3 Qd7 11. Qd2 Kh8 12. Rad1 Rae8 13. b3 Ng8 14. exf5 Bxf5 15. d4 Nf6 16. Nxf6 Bxf6 17. dxe5 Nxe5 18. Nf4 b6 19. Nd5 Bg7 20. Bd4 Bh3 21. f4 Bxg2 22. Kxg2 Ng4 23. Rfe1 Nh6 24. Qc3 c6 25. Nf6 Bxf6 26. Bxf6+ Kg8 27. h3 Nf5 28. g4 Ne3+ 29. Rxe3 Rxe3 30. Qxe3 Rxf6 31. Qd4 Qe7 32. Rd2 Re6 33. Qf2 Re3 34. Kh2 Qe4 35. f5 Qe5+ 36. Kg2 Qe4+ 37. Kh2 Qe5+ 38. Kg2 Qe4+ 39. Kh2 1/2-1/2

[Event "Leitersdorf Region-ch"]
[Site "Leitersdorf"]
[Date "2014.01.05"]
[Round "4"]
[White "Nuster, Erwin"]
[Black "Horvath, Reka"]
[Result "1-0"]
[WhiteElo "2147"]
[BlackElo "2044"]
[PlyCount "71"]
[EventDate "2014.01.02"]
[EventType "swiss"]
[EventRounds "5"]
[EventCountry "AUT"]
[SourceTitle "CBM 158 Extra"]
[Source "ChessBase"]
[SourceDate "2014.02.28"]
[SourceVersion "1"]
[SourceVersionDate "2014.02.28"]
[SourceQuality "1"]

1. c4 e5 2. g3 Nf6 3. Bg2 d5 4. cxd5 Nxd5 5. Nc3 Nb6 6. Nf3 Nc6 7. 0-0 Be7 8. a3 0-0 9. b4 Be6 10. Rb1 f6 11. d3 a5 12. b5 Nd4 13. Nd2 Nd5 14. Bxd5 Bxd5 15. e3 Nxb5 16. Nxb5 Ba2 17. Rb2 Be6 18. Qc2 c6 19. Nc3 Bxa3 20. Rxb7 Bb4 21. Na4 c5 22. Rb6 Bd7 23. Rd6 c4 24. Qxc4+ Kh8 25. Rxd7 Qxd7 26. Nb6 Qd6 27. Nxa8 Rxa8 28. Ne4 Qb6 29. Nc3 Qb7 30. Qd5 Qa6 31. Na4 h6 32. Bb2 Rb8 33. Rc1 Be7 34. Qd7 Rb7 35. Qc8+ Kh7 36. Rc7 1-0

[Event "Steyr Landesliga 1213"]
[Site "Austria"]
[Date "2013.05.04"]
[Round "11.2"]
[White "Mitter, Gerd"]
[Black "Nuster, Erwin"]
[Result "0-1"]
[WhiteElo "2224"]
[BlackElo "2184"]
[PlyCount "126"]
[EventDate "2012.09.22"]
[EventType "team-tourn"]
[EventRounds "11"]
[EventCountry "AUT"]
[SourceTitle "EXT 2014"]
[Source "ChessBase"]
[SourceDate "2013.11.20"]
[SourceVersion "1"]
[SourceVersionDate "2013.11.20"]
[SourceQuality "1"]
[WhiteTeam "Trofaiach Niklasdorf"]
[BlackTeam "Feldbach Kirchberg"]
[WhiteTeamCountry "AUT"]
[BlackTeamCountry "AUT"]

1. Nf3 Nf6 2. g3 b6 3. Bg2 Bb7 4. 0-0 c5 5. c4 e6 6. b3 Be7 7. Bb2 d6 8. d4 cxd4 9. Nxd4 Bxg2 10. Kxg2 Qc7 11. Qd3 Qb7+ 12. Qf3 Qxf3+ 13. Kxf3 a6 14. Nc3 Ra7 15. Rfd1 0-0 16. Rac1 Rc8 17. Na4 Nbd7 18. Kg2 Rac7 19. h3 g6 20. e3 e5 21. Ne2 b5 22. cxb5 axb5 23. Nac3 b4 24. Nb5 Rc2 25. Kf1 R8c5 26. Rxc2 Rxc2 27. Bc1 d5 28. Rd2 Rc5 29. a4 Ne4 30. Ra2 Ng5 31. Bd2 Rc8 32. Kg2 Nb8 33. Be1 Ne4 34. f3 Nf6 35. g4 g5 36. Bg3 Nfd7 37. Be1 Na6 38. Rd2 Rc5 39. Ng3 Ndb8 40. Nf5 Bf8 41. Bg3 Nc6 42. h4 h6 43. hxg5 hxg5 44. Kf2 f6 45. f4 Kf7 46. fxg5 fxg5 47. Ke2 Ke6 48. Kd1 Na5 49. Rc2 Nxb3 50. Rxc5 Nbxc5 51. Na7 Nxa4 52. Nc6 Nb2+ 53. Kc2 Nc4 54. Be1 Bc5 55. Kb3 Nxe3 56. Nxe3 Bxe3 57. Bxb4 Nxb4 58. Nxb4 e4 59. Kc2 d4 60. Kd1 d3 61. Nc6 Bf4 62. Nd4+ Kd5 63. Nf5 e3 0-1

[Event "Steyr Landesliga 1213"]
[Site "Austria"]
[Date "2013.04.27"]
[Round "10.2"]
[White "Danner, Georg"]
[Black "Nuster, Erwin"]
[Result "1-0"]
[WhiteElo "2363"]
[BlackElo "2184"]
[PlyCount "53"]
[EventDate "2012.09.22"]
[EventType "team-tourn"]
[EventRounds "11"]
[EventCountry "AUT"]
[SourceTitle "EXT 2014"]
[Source "ChessBase"]
[SourceDate "2013.11.20"]
[SourceVersion "1"]
[SourceVersionDate "2013.11.20"]
[SourceQuality "1"]
[WhiteTeam "Graz Styria"]
[BlackTeam "Feldbach Kirchberg"]
[WhiteTeamCountry "AUT"]
[BlackTeamCountry "AUT"]

1. d4 Nf6 2. Nf3 d6 3. c4 g6 4. Nc3 Bf5 5. d5 Bg7 6. Nd4 Bd7 7. e4 c5 8. Nc2 0-0 9. Be2 e5 10. a3 Na6 11. Bg5 h6 12. Bd2 Ne8 13. Qc1 Kh7 14. h4 h5 15. Ne3 Bf6 16. g4 Ng7 17. gxh5 gxh5 18. Qd1 Rh8 19. Bxh5 Kg8 20. Bg4 Rxh4 21. Rxh4 Bxh4 22. Bxd7 Qxd7 23. Qf3 f6 24. Ng4 f5 25. Nh6+ Kh8 26. Qh3 Qe7 27. Bg5 1-0

[Event "Steyr Landesliga 1213"]
[Site "Austria"]
[Date "2013.04.13"]
[Round "9.3"]
[White "Preis, Wolfgang"]
[Black "Nuster, Erwin"]
[Result "1/2-1/2"]
[WhiteElo "2196"]
[BlackElo "2184"]
[PlyCount "106"]
[EventDate "2012.09.22"]
[EventType "team-tourn"]
[EventRounds "11"]
[EventCountry "AUT"]
[SourceTitle "EXT 2014"]
[Source "ChessBase"]
[SourceDate "2013.11.20"]
[SourceVersion "1"]
[SourceVersionDate "2013.11.20"]
[SourceQuality "1"]
[WhiteTeam "Liezen Admont"]
[BlackTeam "Feldbach Kirchberg"]
[WhiteTeamCountry "AUT"]
[BlackTeamCountry "AUT"]

1. d4 Nf6 2. c4 d6 3. g3 e5 4. d5 g6 5. Nc3 Bg7 6. Bg2 0-0 7. e4 a5 8. Nge2 Na6 9. 0-0 Nc5 10. h3 Bd7 11. Be3 a4 12. Qc2 b6 13. b4 axb3 14. axb3 Rxa1 15. Rxa1 Ncxe4 16. Nxe4 Nxe4 17. Bxe4 f5 18. Bg2 f4 19. gxf4 exf4 20. Bd4 f3 21. Bxg7 Kxg7 22. Qc3+ Qf6 23. Qxf6+ Rxf6 24. Nd4 fxg2 25. Kxg2 Rf4 26. Rd1 Rh4 27. Rd3 Bxh3+ 28. Kg3 Rh5 29. Re3 Bf1 30. Ne6+ Kf6 31. Rf3+ Ke7 32. Nxc7 Rh3+ 33. Kf4 Rxf3+ 34. Kxf3 Bd3 35. Nb5 Bc2 36. Nd4 Bd1+ 37. Kf4 Kf6 38. b4 g5+ 39. Ke3 h5 40. f3 h4 41. Kf2 Ke5 42. Ne6 g4 43. fxg4 Bxg4 44. Nc7 Bd7 45. Na8 b5 46. Nb6 Be8 47. cxb5 Bxb5 48. Kg2 Kf4 49. Kh3 Kg5 50. Kh2 Ba6 51. b5 Bxb5 52. Nc8 Bc4 53. Nxd6 Bxd5 1/2-1/2

[Event "Steyr Landesliga 1213"]
[Site "Austria"]
[Date "2013.03.02"]
[Round "7.3"]
[White "Schnider, Gert"]
[Black "Nuster, Erwin"]
[Result "1-0"]
[WhiteElo "2314"]
[BlackElo "2184"]
[PlyCount "53"]
[EventDate "2012.09.22"]
[EventType "team-tourn"]
[EventRounds "11"]
[EventCountry "AUT"]
[SourceTitle "EXT 2014"]
[Source "ChessBase"]
[SourceDate "2013.11.20"]
[SourceVersion "1"]
[SourceVersionDate "2013.11.20"]
[SourceQuality "1"]
[WhiteTeam "Hartberg"]
[BlackTeam "Feldbach Kirchberg"]
[WhiteTeamCountry "AUT"]
[BlackTeamCountry "AUT"]

1. d4 d6 2. c4 e5 3. Nc3 Nf6 4. Nf3 e4 5. Ng5 Qe7 6. f3 exf3 7. Nxf3 g6 8. e3 Bg7 9. Bd3 0-0 10. 0-0 c5 11. Bd2 Nc6 12. Nd5 Nxd5 13. cxd5 Nb4 14. Bc4 Rb8 15. Qe2 b5 16. Bb3 Na6 17. dxc5 Nxc5 18. Bc3 Bh6 19. Rae1 Bg4 20. Bc2 Ne4 21. Bd4 Ng5 22. Qd2 Nxf3+ 23. gxf3 Bh3 24. Rf2 Qg5+ 25. Kh1 Rb7 26. Rg1 Qxd5 27. Be4 1-0

[Event "Steyr Landesliga 1213"]
[Site "Austria"]
[Date "2013.02.02"]
[Round "6.4"]
[White "Brunnsteiner, Mario"]
[Black "Nuster, Erwin"]
[Result "1-0"]
[WhiteElo "2187"]
[BlackElo "2184"]
[PlyCount "113"]
[EventDate "2012.09.22"]
[EventType "team-tourn"]
[EventRounds "11"]
[EventCountry "AUT"]
[SourceTitle "EXT 2014"]
[Source "ChessBase"]
[SourceDate "2013.11.20"]
[SourceVersion "1"]
[SourceVersionDate "2013.11.20"]
[SourceQuality "1"]
[WhiteTeam "Leoben"]
[BlackTeam "Feldbach Kirchberg"]
[WhiteTeamCountry "AUT"]
[BlackTeamCountry "AUT"]

1. Nf3 c5 2. c4 Nc6 3. Nc3 e5 4. d3 g6 5. g3 Bg7 6. Bg2 Nge7 7. 0-0 0-0 8. a3 d6 9. Bd2 h6 10. Rb1 a5 11. Ne1 Rb8 12. Nc2 Be6 13. Ne3 f5 14. Ned5 Bf7 15. b4 axb4 16. axb4 cxb4 17. Nxb4 Nxb4 18. Rxb4 d5 19. cxd5 Nxd5 20. Nxd5 Bxd5 21. Bxd5+ Qxd5 22. Qb3 Rfd8 23. Be3 Qxb3 24. Rxb3 b5 25. Rc1 g5 26. f4 Re8 27. fxg5 f4 28. gxh6 Bxh6 29. Bd2 Re6 30. gxf4 exf4 31. Kf2 Rbe8 32. Re1 Bg5 33. Kf3 Re5 34. Rb4 Kh7 35. Bxf4 Bxf4 36. Rxf4 Re3+ 37. Kf2 Rh3 38. Rh1 Re5 39. Rf3 Rh4 40. h3 Rb4 41. e4 Rb2+ 42. Ke3 b4 43. Rg1 Rh2 44. Rb1 Rb5 45. Rb3 Kg6 46. d4 Kg5 47. d5 Kh4 48. Kd4 Rb8 49. d6 Rd2+ 50. Rfd3 Rf2 51. Kd5 Kg5 52. Rg3+ Kh6 53. e5 Rd2+ 54. Rgd3 Rb5+ 55. Kc6 Rxd3 56. Rxd3 Rxe5 57. d7 1-0

[Event "Leitersdorf Region-ch"]
[Site "Leitersdorf"]
[Date "2012.01.07"]
[Round "5.1"]
[White "Knoll, Martin"]
[Black "Nuster, Erwin"]
[Result "1/2-1/2"]
[WhiteElo "2027"]
[BlackElo "2148"]
[PlyCount "89"]
[EventDate "2012.01.03"]
[EventType "swiss"]
[EventRounds "5"]
[EventCountry "AUT"]
[SourceTitle "EXT 2013"]
[Source "ChessBase"]
[SourceDate "2012.11.22"]
[SourceVersion "1"]
[SourceVersionDate "2012.11.22"]
[SourceQuality "1"]

1. d4 Nf6 2. Nc3 d5 3. Bg5 Nbd7 4. e3 c6 5. Bd3 e5 6. dxe5 Nxe5 7. Nf3 Nxd3+ 8. Qxd3 Be7 9. 0-0-0 Bg4 10. Rd2 Qa5 11. Ne5 Be6 12. f4 g6 13. Qe2 h5 14. h3 0-0-0 15. Rhd1 a6 16. g4 hxg4 17. hxg4 Rh3 18. f5 gxf5 19. gxf5 Bd7 20. Nxf7 Rf8 21. Ne5 Bb4 22. Nxd7 Nxd7 23. Qg4 Bxc3 24. bxc3 Qxc3 25. Rf2 Ne5 26. Qd4 Qa3+ 27. Kb1 Nf3 28. Rxf3 Rxf3 29. f6 Rg3 30. Bf4 Rg4 31. Qe5 Qb4+ 32. Ka1 Rxf4 33. exf4 Qe4 34. Rg1 Qxc2 35. Qe6+ Kb8 36. Qd6+ Ka7 37. Qxf8 Qc3+ 38. Kb1 Qd3+ 39. Kb2 Qd4+ 40. Kc2 Qxg1 41. f7 Qf2+ 42. Kd1 Qf3+ 43. Ke1 Qe3+ 44. Kd1 Qd3+ 45. Ke1 1/2-1/2